Países de Europa - Ducus - Estadísticas

Estadísticas generales
  • Esta prueba ha sido intentada 50 veces
  • La puntuación promedio es 41 de 45
Respuestas en el mapa
Las respuestas están codificadas por una escala verde-roja en el mapa de la prueba según el % correcto abajo.
 
Estadísticas de respuestas
Países % Correcto
España
100%
Portugal
100%
Alemania
97%
Estonia
97%
Francia
97%
Islandia
97%
Italia
97%
Letonia
97%
Rusia
97%
Suecia
97%
Suiza
97%
Andorra
95%
Bélgica
95%
Ciudad del Vaticano
95%
Croacia
95%
Finlandia
95%
Grecia
95%
Irlanda
95%
Lituania
95%
Noruega
95%
Polonia
95%
Reino Unido
95%
Rumania
95%
Ucrania
95%
Chequia
92%
Dinamarca
92%
Luxemburgo
92%
Países Bajos
92%
San Marino
92%
Austria
89%
Bielorrusia
89%
Eslovaquia
89%
Eslovenia
89%
Hungría
89%
Malta
89%
Mónaco
89%
Montenegro
89%
Albania
86%
Serbia
86%
Bulgaria
84%
Kosovo
84%
Macedonia del Norte
84%
Moldavia
84%
Bosnia
81%
Liechtenstein
81%
No se encontraron pruebas coincidentes
Distribución de puntuación
Porcentaje de gente con cada puntuación
Porcentaje por número respondido
Historial de tus puntuaciones
No has intentado esta prueba.